000 00518nam a2200169Ia 4500
008 180921t2018 xxu||||| |||| 00| 0 sin d
041 _asin
080 _aX8සි32
_bඋඩව
100 _aඋඩවත්ත, පියදාස
245 _aමං තවමත් ඉස්කෝලෙ යනව
246 _aMan thawamath iskole yanawa
260 _bගොඩගේ
_aකොළඹ
_c2018
300 _aපි.208, සෙ.මි.21
942 _cBK
999 _c10006
_d10006
003 LK-CoDNM
040 _aLK-CoDNM
_dLK-CoDNM
_eLK-CoDNM